A world of struggle (Record no. 5837)

MARC details
000 -LEADER
fixed length control field 00824nam a2200169Ia 4500
005 - DATE AND TIME OF LATEST TRANSACTION
control field 20250117103800.0
008 - FIXED-LENGTH DATA ELEMENTS--GENERAL INFORMATION
fixed length control field 250117s9999 xx 000 0 und d
020 ## - INTERNATIONAL STANDARD BOOK NUMBER
International Standard Book Number 9780691146782
082 ## - DEWEY DECIMAL CLASSIFICATION NUMBER
Classification number 341.2KEN
100 ## - MAIN ENTRY--PERSONAL NAME
Personal name Kennedy, David.
245 #2 - TITLE STATEMENT
Title A world of struggle
Remainder of title how power, law, and expertise shape global political economy
260 ## - PUBLICATION, DISTRIBUTION, ETC.
Place of publication, distribution, etc. Princeton
Name of publisher, distributor, etc. Princeton University Press
Date of publication, distribution, etc. 2016
300 ## - PHYSICAL DESCRIPTION
Extent ix, 298 pages ; 24 cm
500 ## - GENERAL NOTE
General note Includes bibliographical references and index.
520 ## - SUMMARY, ETC.
Summary, etc. A World of Struggle reveals the role of expert knowledge in our political and economic life. As politicians, citizens, and experts engage one another on a technocratic terrain of irresolvable argument and uncertain knowledge, a world of astonishing inequality and injustice is born.
650 ## - SUBJECT ADDED ENTRY--TOPICAL TERM
Topical term or geographic name entry element International organization.
Holdings
Withdrawn status Lost status Damaged status Not for loan Home library Current library Shelving location Date acquired Total checkouts Full call number Barcode Date last seen Price effective from Koha item type
        UONGOZI Institute Resources Centre - Dodoma UONGOZI Institute Resources Centre - Dodoma Africa 01/17/2025   341.2KEN UR006455 01/31/2025 01/17/2025 Book